UBT Library

Becoming a brother : (Record no. 84)

000 -LEADER
fixed length control field 00594nam a22001817a 4500
008 - FIXED-LENGTH DATA ELEMENTS--GENERAL INFORMATION
fixed length control field 131010b xxu||||| |||| 00| 0 eng d
020 ## - INTERNATIONAL STANDARD BOOK NUMBER
International Standard Book Number 0262132605
041 0# - LANGUAGE CODE
Language code of text/sound track or separate title eng
080 ## - UNIVERSAL DECIMAL CLASSIFICATION NUMBER
Universal Decimal Classification number 159.922.74
100 1# - Rafti
Rafti Mendelson, Morton J.
245 10 - TITLE STATEMENT
Title Becoming a brother :
Statement of responsibility, etc Morton J. Mendelson.
260 ## -
-- Cambridge, Mass. :
-- MIT Press,
-- c1990.
300 ## -
-- 249 f. :
-- me il. ;
-- 24 cm.
490 ## -
-- "A Bradford book."
505 ## -
-- Includes bibliographical references (p. [227]-238) and index.
650 #0 -
-- Psikologjia e fëmijës
942 ## - ADDED ENTRY ELEMENTS (KOHA)
Source of classification or shelving scheme
Item type Books
Holdings
Withdrawn status Lost status Source of classification or shelving scheme Damaged status Not for loan Collection code Permanent location Current location Shelving location Date acquired Total Checkouts Full call number Barcode Date last seen Price effective from Koha item type
          Koleksioni i përgjithshem UBT - Prishtine UBT - Prishtine Koleksioni i përgjithshem 10/10/2013   159.922.74 MEN 001-000077 10/10/2013 10/10/2013 Books
UBT Library © 2015-2024. All rights reserved University Education for Business and Technology